| 000 | 00639nam a22002177a 4500 | ||
|---|---|---|---|
| 005 | 20170124110035.0 | ||
| 010 | _aA-469107 | ||
| 020 | _c00.00 | ||
| 035 | _aA-469107 | ||
| 037 | _bCen Lib/Ret | ||
| 040 |
_adpl _bEN |
||
| 082 |
_a888.08 _bSAL |
||
| 100 |
_aSalman Rushdie _922441 |
||
| 245 |
_aImaginary homelands : _cby Salman Rushdie _bessays and criticism 1981-1991 / |
||
| 260 |
_bGranta Books _c1991 _aLondon |
||
| 270 | _a2/3, Hanover Yard, Noel Road, Islington | ||
| 300 |
_a431p. _c20cm(Hb) |
||
| 650 |
_aEssays. _921299 |
||
| 650 |
_aLiterature -- 20th century. _922442 |
||
| 942 |
_2ddc _cEN _h888.08 _mSAL |
||
| 999 |
_c128115 _d128115 |
||